Человек в городе и оптимизация городской среды (Запись № 13448081)

Подробности
000 -МАРКЕР
контрольное поле 02064nam2a2200385 4500
001 - ИДЕНТИФИКАТОР ЗАПИСИ
контрольное поле RU\NLR\BIBL_A\022577052
005 - ИДЕНТИФИКАТОР ВЕРСИИ
контрольное поле 20250801145249.0
010 ## - МЕЖДУНАРОДНЫЙ СТАНДАРТНЫЙ НОМЕР КНИГИ (ISBN)
Номер (ISBN) 978-5-00110-483-4
Тираж 100
021 ## - НОМЕР ГОСУДАРСТВЕННОЙ РЕГИСТРАЦИИ
Код страны Российская Федерация
Номер КН-П-25-021653
Номер Листа государственной регистраци КН-П-25-2191
035 ## - ДРУГИЕ СИСТЕМНЫЕ НОМЕРА
Идентификатор записи (NLR Aleph) 022577052
100 ## - ДАННЫЕ ОБЩЕЙ ОБРАБОТКИ
Данные общей обработки 20250701d2024 u y0rusy50 ca
101 0# - ЯЗЫК РЕСУРСА
Язык текста, звукозаписи и т.д. русский
102 ## - СТРАНА ПУБЛИКАЦИИ ИЛИ ПРОИЗВОДСТВА
Страна публикации Российская Федерация
105 ## - ПОЛЕ КОДИРОВАННЫХ ДАННЫХ: ТЕКСТОВЫЕ МАТЕРИАЛЫ, МОНОГРАФИЧЕСКИЕ
Кодированные данные о монографическом текстовом документе a j 001yy
200 1# - ЗАГЛАВИЕ И СВЕДЕНИЯ ОБ ОТВЕТСТВЕННОСТИ
Основное заглавие Человек в городе и оптимизация городской среды
210 ## - ПУБЛИКАЦИЯ, РАСПРОСТРАНЕНИЕ И ДР.
Дата издания, распространения и т.д. 2024
215 ## - ФИЗИЧЕСКАЯ ХАРАКТЕРИСТИКА
Специфическое обозначение материала и объем 97 с.
Другие сведения о физической характеристике ил., табл.
320 ## - ПРИМЕЧАНИЯ О НАЛИЧИИ В ДОКУМЕНТЕ БИБЛИОГРАФИИ / УКАЗАТЕЛЯ
Текст примечания Библиогр.: с. 82-92 (119 назв.)
320 ## - ПРИМЕЧАНИЯ О НАЛИЧИИ В ДОКУМЕНТЕ БИБЛИОГРАФИИ / УКАЗАТЕЛЯ
Текст примечания Указатель основных понятий и терминов: с. 93-97
461 #0 - УРОВЕНЬ НАБОРА
Встроенное поле 001RU\NLR\BIBL_A\022576971
-- 2001#$aУрбоэкология$vЧ. 2
-- 700#1$aДорофеева$bМ. М.$gМария Михайловна
606 1# - НАИМЕНОВАНИЕ ТЕМЫ КАК ПРЕДМЕТ
Наименование темы Здоровье
Формальный подзаголовок Учебные издания для высших учебных заведений
Тематический подзаголовок Влияние экологии городов
Системный номер авторитетной/нормативной записи 2536021
Идентификатор авторитетной/нормативной записи RU\NLR\AUTH\661501804
606 1# - НАИМЕНОВАНИЕ ТЕМЫ КАК ПРЕДМЕТ
Наименование темы Окружающая среда городов
Формальный подзаголовок Учебные издания для высших учебных заведений
Тематический подзаголовок Экологический фитомониторинг
Системный номер авторитетной/нормативной записи 2318070
Идентификатор авторитетной/нормативной записи RU\NLR\AUTH\661386936
606 1# - НАИМЕНОВАНИЕ ТЕМЫ КАК ПРЕДМЕТ
Наименование темы Отходы
Формальный подзаголовок Учебные издания для высших учебных заведений
Тематический подзаголовок Утилизация
Системный номер авторитетной/нормативной записи 2171818
Идентификатор авторитетной/нормативной записи RU\NLR\AUTH\661306395
606 1# - НАИМЕНОВАНИЕ ТЕМЫ КАК ПРЕДМЕТ
Наименование темы Города
Формальный подзаголовок Учебные издания для высших учебных заведений
Тематический подзаголовок Благоустройство
Системный номер авторитетной/нормативной записи 2098046
Идентификатор авторитетной/нормативной записи RU\NLR\AUTH\661269236
606 1# - НАИМЕНОВАНИЕ ТЕМЫ КАК ПРЕДМЕТ
Наименование темы Землеустройство
Формальный подзаголовок Учебные издания для высших учебных заведений
Системный номер авторитетной/нормативной записи 910467
Идентификатор авторитетной/нормативной записи RU\NLR\AUTH\6612701
686 1# - ИНДЕКСЫ ДРУГИХ КЛАССИФИКАЦИЙ
Индекс Р121.21я73
686 1# - ИНДЕКСЫ ДРУГИХ КЛАССИФИКАЦИЙ
Индекс Р121.288я73
686 1# - ИНДЕКСЫ ДРУГИХ КЛАССИФИКАЦИЙ
Индекс П271.1я73
686 1# - ИНДЕКСЫ ДРУГИХ КЛАССИФИКАЦИЙ
Индекс Н9я73-1
686 1# - ИНДЕКСЫ ДРУГИХ КЛАССИФИКАЦИЙ
Индекс У32(0)-513я73
942 ## - ДОПОЛНИТЕЛЬНЫЕ ЭЛЕМЕНТЫ ЗАПИСИ (АБИС)
Тип экземпляра АБИС Книга
980 ## - КОЛЛЕКЦИЯ
Название коллекции Национальная библиография

Нет доступных экземпляров.